LEADER 00595nus0 2200181 i 450 001 IEI0126432 005 20251003044159.0 100 $a19981222a19989999||||0itac50 ba 102 $ait 110 $abzu|||||||| 200 1 $aFilosofia morale 210 $aMilano$cVita e pensiero$cV&P università$d[1998]- 801 3$aIT$bIT-000000$c19981222 850 $aIT-BN0095 $aIT-NA0120 $aIT-BN0098 $aIT-NA0261 $aIT-NA0075 912 $aIEI0126432 977 $a 01$a 93$a CR$a CU$a DO$a FT$a GE$a ME$a PF$a RR 996 $aFilosofia morale$963664 997 $aUNISANNIO